000 00752nam a22002297a 4500
003 UA-OsUOA
001 81885
007 ta
008 20120209b un ||||| |||| 00| 0 ukr d
100 _aГерасимчук З.В.
700 _aПоліщук В.Г.
090 _a330(477)
_bГ37
942 _cSA
040 _aUA-OsUOA
_bukr
_cUA-OsUOA
_dUA-OsUOA
245 _aТеоретичні основи інституційного забезпечення стимулювання сталого розвитку регіону
300 _aС.30-48
955 _a0
041 _aukr
080 _a330(477)
773 0 _w81882
_tРегіональна економіка
_dЛьвів
_d2011
_g4
650 7 _a330 Економіка взагалі
_2UDC
999 _c368195
_d368195